000 00647nam a2200193 a 4500
001 BRCA_1058
005 20190320203248.0
008 060508s1937----sp-a---###---#000-0#spa-#
041 _aspa
044 _asp
050 4 _aN7101
_b.H33 1937
245 1 0 _aHallazgos notables
_bprotección del tesoro artístico nacional.
260 _aValencia
_bMinisterio de Instrucción Pública : Dirección General de Bellas Artes
_c1937
300 _a1 v. (sin paginación)
_bil.
_c21 cm.
650 1 4 _aArte
_zEspaña
_92064
651 4 _aEspaña
_xHistoria
_yGuerra Civil, 1936-1939
_93487
740 0 _aProtección del tesoro artístico nacional
942 _2lcc
_cB
999 _c937
_d937